|
|
|
|
| LEADER |
00855nam a2200241 a 4500 |
| 001 |
00015328 |
| 008 |
110630s2003 ii a b 001 0 eng |
| 020 |
|
|
|a 8120324021
|
| 020 |
|
|
|a 9788120324022
|
| 040 |
|
|
|a BD-DhAAL
|c BD-DhAAL
|
| 082 |
0 |
0 |
|a 004
|2 22
|
| 100 |
1 |
|
|a Rajaraman, V.
|
| 245 |
1 |
0 |
|a Introduction to information technology /
|c V. Rajaraman
|
| 250 |
|
|
|a Eastern economy ed.
|
| 260 |
|
|
|a New Delhi :
|b Prentice-Hall of India,
|c 2003.
|
| 300 |
|
|
|a xiv, 370 p. :
|b ill. ;
|c 24 cm.
|
| 504 |
|
|
|a Includes bibliographical references and index.
|
| 541 |
|
|
|e 00015328
|
| 650 |
|
0 |
|a Information technology.
|
| 650 |
|
0 |
|a Management information systems.
|
| 852 |
1 |
|
|a Ayesha Abed Library
|c General Shelf.
|
| 999 |
|
|
|c 11014
|d 11014
|
| 952 |
|
|
|0 0
|1 0
|2 ddc
|4 0
|6 004_RAJ
|7 0
|9 17322
|a BRACUL
|b BRACUL
|c GEN
|d 2011-06-30
|l 0
|o 004 RAJ
|p 3010015328
|r 2011-06-30
|t 1
|w 2011-06-30
|y BK
|